[Event "Tatry Open 2018"]
[Site "Tatranska Lomnica"]
[Date "2018.10.04"]
[Round "6"]
[White "Paulovic, Martin"]
[Black "Petran, Peter"]
[Result "1-0"]
[WhiteElo "2052"]
[BlackElo "2270"]
[Annotator "TA"]
[PlyCount "53"]
[EventDate "2018.09.30"]
[EventType "swiss"]
[EventCountry "SVK"]
[SourceTitle "playchess.com"]
[Source "ChessBase"]
[SourceQuality "1"]

{[%evp 14,53,14,0,36,45,58,57,62,0,6,-42,1,-35,24,33,89,92,86,99,277,273,453,448,463,453,445,457,491,478,489,479,472,438,422,431,435,435,420,422,418,421]} 1. Nf3 g6 2. c4 Bg7 3. Nc3 c5 4. g3 Nc6 5. Bg2 d6 6. O-O Bg4 7. h3 Bd7 {A37: Symmetrical English vs ...g6: 4 Bg2 Bg7 5 Nf3} (7... Bxf3 8. Bxf3 Nf6 9. d3 {½-½ (9) Sinanovic,M (2376)-Doric,D (2467) Mali Losinj 2017}) 8. e3 {LiveBook: 5 Games} Rb8 9. d4 a6 $146 {White is slightly better.} ({Predecessor:} 9... cxd4 10. exd4 Qc8 11. Kh2 Nf6 12. Re1 O-O 13. b3 Re8 14. Bb2 a6 {½-½ (40) Dantas,F (2007)-Reis,V (1835) Fortaleza 2014}) 10. dxc5 dxc5 11. Ng5 ({White should play} 11. e4 $14) 11... Nf6 $11 12. Nd5 b6 13. Bd2 O-O (13... h6 $15 14. Nf3 Ne4) 14. Bc3 b5 (14... h6 $14 15. Nxf6+ exf6) 15. Nxf6+ $16 exf6 16. Ne4 {[%cal Bg5e4,Be4f6,Bf6d7][%mdl 32]} Qc8 $2 (16... Qe7 $16) 17. Qd6 (17. Nxf6+ Bxf6 18. Bxf6 Bxh3 $11) (17. Bxf6 Bxh3 18. Bxh3 Qxh3 $16) ({Not} 17. Nxc5 Rd8 $16) 17... Be6 $2 (17... Bf5 {might work better.} 18. Nxf6+ Kh8) 18. Nxf6+ $18 Kh8 {[#] Threatens to win with ...b4.} 19. Qxc6 Qxc6 20. Bxc6 Bxc4 21. Nd7 Bxf1 22. Bxg7+ ({Weaker is} 22. Rxf1 Rbc8 $18) (22. Kxf1 Rbc8 $18) 22... Kxg7 23. Rxf1 Rbc8 24. Nxf8 Rxc6 25. Nd7 c4 26. Ne5 Rd6 27. Nf3 {Precision: White = 75%, Black = 25%.} 1-0

[Event "Tatry Open 2018"]
[Site "Tatranska Lomnica"]
[Date "2018.10.04"]
[Round "6"]
[White "Chubar, Vladimir"]
[Black "Michalicka, Milan"]
[Result "0-1"]
[WhiteElo "2001"]
[BlackElo "2225"]
[Annotator "TA"]
[PlyCount "116"]
[EventDate "2018.09.30"]
[EventType "swiss"]
[EventCountry "SVK"]
[SourceTitle "playchess.com"]
[Source "ChessBase"]
[SourceQuality "1"]

{[%evp 17,116,-17,0,-24,-45,-41,-21,-10,-20,-35,-36,-75,-66,-131,-111,-123,-116,-114,-20,-22,-13,-16,-8,-54,-57,-37,-53,-188,-187,-182,-177,-183,-197,-178,-152,-170,-200,-207,-207,-207,-207,-228,-183,-175,-166,-167,-118,-169,-185,-191,-170,-289,-239,-236,-206,-234,-217,-222,-214,-189,-197,-538,-538,-538,-308,-538,-538,-538,-536,-524,-515,-437,-482,-641,-590,-487,-377,-635,-641,-597,-512,-12838,-12839,-12839,-1062,-889,-842,-12837,-12839,-12839,-7930,-12842,-11922,-12844,-12844,-12845,-12846,-12846,-12847,-12847,-12847]} 1. Nf3 c5 2. e3 g6 3. d4 Bg7 4. Bd3 Nf6 5. O-O O-O 6. b3 cxd4 {A48: 1 d4 Nf6 2 Nf3 g6: Torre, London and Colle Systems} 7. exd4 d5 8. Nbd2 Nc6 9. Bb2 Nb4 {LiveBook: 6 Games} 10. Ne5 (10. Be2 Bf5 11. Ne1 Rc8 12. c3 Nc6 13. Nd3 Ne4 14. Nf3 Qd6 15. Nh4 Bd7 16. f4 {0-1 (51) Bayer,B (2411)-Mesaros,F (2420) Austria 2017}) 10... Nxd3 11. Nxd3 Bf5 12. Ne5 Rc8 $146 ({Predecessor:} 12... Nd7 13. Ndf3 f6 14. Nxd7 Qxd7 15. Qe2 Rfe8 16. Rfe1 {½-½ (59) Monedero Gonzalez,J (2117)-Marrero Falcon,H (1929) La Laguna 2007}) 13. c4 Nd7 14. Nxd7 Qxd7 15. c5 (15. Qe2 $15) 15... b6 16. b4 bxc5 17. bxc5 {[#]} Rb8 (17... Rxc5 $1 $17 {[%mdl 512] Strongly threatening ...Rc2.} 18. dxc5 Bxb2) 18. Bc3 $11 Qb5 19. Nf3 Rfc8 $36 {[%mdl 2048] Black has good play.} 20. Re1 {[#]} (20. Rc1 {seems wilder.} h5 21. Re1 e6 22. Qd2 Be4 23. Qe3) 20... Rxc5 $1 {[%mdl 512]} 21. dxc5 Bxc3 22. Nd4 (22. Qxd5 $15 e6 23. Qd6) 22... Qxc5 $19 23. Nxf5 Bxe1 ({Inferior is} 23... gxf5 24. Rc1 $11) 24. Qxe1 gxf5 {[%mdl 4096] Endgame KQR-KQR} 25. Rc1 Qa3 26. g3 e6 27. Kg2 Qd3 28. Qa5 Qe4+ 29. Kg1 Qd4 30. Qc7 Rf8 31. Rc3 Qb6 32. Qe7 (32. Qf4 $17) 32... Qb1+ 33. Kg2 Qe4+ 34. f3 (34. Kh3 $142) 34... Qe2+ 35. Kh3 Qd2 36. Rc7 a5 37. Qf6 h6 $1 ({Weaker is} 37... Qxa2 38. Qg5+ Kh8 39. Qf6+ Kg8 40. Qg5+ Kh8 41. Qf6+ Kg8 $11) 38. f4 Qxa2 39. Ra7 $2 {[#]} (39. Qxh6 Qa1 40. Ra7) 39... Qe2 $1 40. Qxh6 Qg4+ 41. Kg2 Rc8 {( -> ...Rc2+)} 42. Qg5+ Qxg5 43. fxg5 {KR-KR} Rc5 44. h4 d4 {[%cal Bd5d4,Bd4d3][%mdl 32]} 45. Kf3 Rd5 {Hoping for ...d3.} 46. Ke2 d3+ 47. Kd2 $2 (47. Kd1 e5 48. h5) 47... e5 {[%cal Be6e5,Be5e4][%mdl 32] Black is clearly winning.} 48. h5 {intending Ra8+.} e4 {White must now prevent ...e3+!} 49. Re7 (49. Ra8+ $142 Kg7 50. Re8) 49... Kf8 50. Rb7 {[#]} Rd8 (50... e3+ $142 $1 51. Kd1 (51. Kxe3 d2) 51... Rc5 52. Rb8+ Ke7 53. Rb7+ Kd6 54. Rb6+ Kd5) 51. Rb1 Kg7 52. Ke3 d2 53. Rd1 a4 {[%cal Ba5a4,Ba4a3,Ba3a2][%mdl 32]} 54. g4 fxg4 55. Kxe4 a3 56. Kf5 a2 57. h6+ Kh7 58. Kf6 Rd7 {Precision: White = 39%, Black = 72%.} 0-1

[Event "Tatry Open 2018"]
[Site "Tatranska Lomnica"]
[Date "2018.10.04"]
[Round "6"]
[White "Mandak, Miroslav"]
[Black "Bolacky, Jiri"]
[Result "1-0"]
[WhiteElo "1997"]
[BlackElo "2222"]
[Annotator "TA"]
[PlyCount "75"]
[EventDate "2018.09.30"]
[EventType "swiss"]
[EventCountry "SVK"]
[SourceTitle "playchess.com"]
[Source "ChessBase"]
[SourceQuality "1"]

{[%evp 14,75,14,-4,-11,-55,-47,-50,-48,-64,-32,-33,-41,-58,-59,-67,-68,-97,-49,-47,-41,-46,-43,-45,23,8,21,-73,-50,-81,-78,-151,-133,-145,343,333,306,294,313,211,191,12,385,391,337,344,338,261,604,566,543,311,366,377,355,343,1168,1074,29992,29988,29988,29989,29997,29998]} 1. e4 c5 2. Nc3 g6 3. Nge2 Bg7 4. g3 Nc6 5. Bg2 e6 {[%cal Be7e6,Be6e5][%mdl 32]} 6. d3 Nge7 7. O-O O-O 8. Bf4 d5 {[%cal Bd7d5,Bd5d4][%mdl 32] B24: Closed Sicilian: 3 g3 sidelines} (8... d6 9. Qd2 Re8 10. Bh6 Bh8 11. Nd1 b5 12. c3 d5 13. exd5 exd5 14. d4 cxd4 15. Nxd4 Nxd4 16. cxd4 {0-1 (58) Spiesberger,G (2058)-Haubro,M (2373) Sandavagur 2018}) 9. Qc1 d4 {Strongly threatening ...e5.} 10. Nb1 e5 {Black is slightly better.} 11. Bh6 f6 $146 ({Predecessor:} 11... Be6 12. Bxg7 Kxg7 13. Nd2 Qd7 14. a4 f6 15. b3 b6 16. Nc4 {1-0 (76) Kasparian,G-Ilivitzki,G Riga (Latvia) 1951}) 12. Bxg7 Kxg7 13. a4 Bg4 14. f3 Be6 15. b3 a6 16. f4 Qd7 17. Nd2 b5 18. Qd1 c4 (18... Rad8 $15) 19. bxc4 $11 bxc4 20. Nf3 (20. Nxc4 $11 {keeps the balance.} Bxc4 21. dxc4) 20... Rab8 21. fxe5 fxe5 22. Ng5 (22. dxc4 $142 Bxc4 23. Nd2 Rxf1+ 24. Bxf1) 22... Rxf1+ 23. Qxf1 {Bh3 is the strong threat.} c3 $2 {[%mdl 8192]} (23... Rf8 $17 {keeps the pressure on.} 24. Qd1 a5) 24. Bh3 $1 $18 {[%cal Rh3e6]} Bf5 ({Not} 24... Bxh3 25. Qf7+ Kh6 26. Qxh7+ Kxg5 27. Qh4#) 25. exf5 Nxf5 26. Bxf5 Qxf5 {[#]} 27. Ne4 $2 (27. h4 $1 $18 {Threatens to win with Qg2.} Qxf1+ 28. Rxf1) 27... Rb2 $2 {[%mdl 8192] [#]} (27... Qxf1+ $11 {and Black stays safe.} 28. Rxf1 Rb2) 28. Qg2 $1 Rxc2 {intending ...Qg4.} 29. g4 {[%cal Bg3g4,Bg4g5][%mdl 32]} Qe6 30. Rf1 Qe7 $2 (30... Nd8 31. Nf6 (31. Qf3 Qf7 $18) 31... Rb2) 31. g5 Nd8 32. Qf3 Ne6 33. h4 Rb2 34. Nf6 Rd2 $2 (34... Rb8 35. Qc6 Rf8 36. Qxa6 h6 37. gxh6+ Kxh6) 35. Qe4 Nc5 36. Qd5 {[%csl Gf6][%cal Rd5g8] White mates.} Ne6 37. Qxe5 Rxd3 38. Nd5+ {Precision: White = 50%, Black = 32%.} 1-0

[Event "Tatry Open 2018"]
[Site "Tatranska Lomnica"]
[Date "2018.10.04"]
[Round "6"]
[White "Starychfojtu, Josef"]
[Black "Splichal, Stanislav"]
[Result "1/2-1/2"]
[WhiteElo "1770"]
[BlackElo "2154"]
[Annotator "TA"]
[PlyCount "64"]
[EventDate "2018.09.30"]
[EventType "swiss"]
[EventCountry "SVK"]
[SourceTitle "playchess.com"]
[Source "ChessBase"]
[SourceQuality "1"]

{[%evp 22,64,0,0,27,0,0,-5,-4,-12,0,-31,10,10,0,0,0,0,36,0,0,0,0,0,26,39,75,0,0,0,38,42,60,53,63,42,63,54,88,50,54,0,39,47,61]} 1. e4 c5 2. Nc3 e6 3. g3 d5 4. exd5 exd5 5. Bg2 Nf6 6. d3 Be7 7. Nge2 O-O 8. O-O Nc6 9. Bg5 d4 {B24: Closed Sicilian: 3 g3 sidelines} 10. Bxf6 Bxf6 11. Ne4 Be7 12. Nf4 {LiveBook: 19 Games} Bd6 (12... Re8 13. Re1 Bd7 14. Nd5 Bf8 15. a3 Re5 16. Nd2 Rxe1+ 17. Qxe1 {½-½ (26) Brikov,I (2394)-Ismayilov,G (2379) Donskoi 2018}) 13. Nxd6 Qxd6 14. Re1 Bd7 $146 ({Predecessor:} 14... Rb8 15. Qf3 Bd7 {0-1 (51) Georgiou,N (1858)-Milonas,K Ermioni Argolidas 2006}) 15. a3 Rfe8 16. Qh5 Rxe1+ 17. Rxe1 Re8 18. Rxe8+ Bxe8 19. Be4 h6 20. h4 b6 21. Qf5 {[#] Threatens to win with Qh7+.} g6 22. Qc8 $40 {[%mdl 128] White is up to no good.} Qd7 23. Qa8 Ne5 24. Nd5 ({Better is} 24. Qb8 $16 Nc6 25. Bxc6 Qxc6 26. Qxa7) 24... Kg7 $11 25. Qb8 Nc6 26. Qf4 {[#] Qf6+ is the strong threat.} f5 {And now ...Bf7 would win.} 27. Bg2 Bf7 28. Nc7 Kh7 29. Nb5 Nd8 {aiming for ...Ne6.} 30. Nd6 Be6 31. Qe5 (31. b4 $14) 31... Nf7 32. Nxf7 Bxf7 {Precision: White = 51%, Black = 27%.} 1/2-1/2

[Event "Tatry Open 2018"]
[Site "Tatranska Lomnica"]
[Date "2018.10.05"]
[Round "7"]
[White "Krnan, Tomas"]
[Black "Pacher, Milan"]
[Result "1/2-1/2"]
[WhiteElo "2430"]
[BlackElo "2457"]
[Annotator "TA"]
[PlyCount "136"]
[EventDate "2018.09.30"]
[EventType "swiss"]
[EventCountry "SVK"]
[SourceTitle "playchess.com"]
[Source "ChessBase"]
[SourceQuality "1"]

{[%evp 19,136,8,0,0,0,-6,2,8,5,-8,6,10,33,34,34,29,32,29,25,9,16,11,14,6,8,0,26,18,55,-3,47,47,48,0,2,0,0,0,34,37,26,22,34,18,16,21,29,0,0,0,0,-28,-8,-13,0,0,0,0,0,0,0,0,0,0,0,0,0,0,0,-8,-8,-8,-8,-8,0,0,0,0,0,-80,-80,-80,-8,-8,0,0,0,-8,0,0,0,-8,0,0,0,-8,0,-8,0,0,0,0,0,0,0,0,0,0,0,0,0,0,0,0,0,0,0,0,0]} 1. e4 c6 2. d4 d5 3. Nc3 dxe4 4. Nxe4 Nf6 5. Nxf6+ exf6 6. c3 Bd6 7. Bd3 O-O 8. Qc2 g6 9. Ne2 Re8 10. O-O {B15: Caro-Kann: 3 Nc3: 3...g6 and 3...dxe4 4 Nxe4 Nf6 5 Nxf6+ exf6} (10. h4 Nd7 11. h5 Nf8 12. Be3 Be6 13. O-O-O a5 14. Kb1 a4 15. hxg6 fxg6 16. c4 Bf7 17. Nc3 a3 18. b3 f5 {0-1 (29) Saric,I (2669)-Jobava,B (2690) Riadh 2017}) 10... Qc7 {LiveBook: 5 Games} 11. h3 Nd7 {[%cal Bb8d7,Bd7f8,Bf8e6,Be6g7,Bg7f5,Bf5d6,Bd6c4,Bc4d2][%mdl 32]} 12. Bd2 Nf8 13. c4 Ne6 $146 ({Predecessor:} 13... Bf5 14. Bxf5 Rxe2 15. Bd3 Re7 16. Rfe1 Rae8 17. Rxe7 Rxe7 {½-½ (46) Grazinys,V (2108)-Storgaard,F (1948) IECC email 1999}) 14. Rae1 Ng7 15. Nc3 Bf5 16. Bxf5 Nxf5 17. Ne4 Be7 18. Bc3 Nd6 19. d5 Nxc4 20. Nxf6+ Bxf6 21. Bxf6 cxd5 22. b3 Qf4 23. Ba1 Nd2 24. Rxe8+ Rxe8 25. Rd1 Ne4 26. Qb2 {[%csl Ga1][%cal Rb2h8] [#]} f6 27. Qd4 Kg7 28. Qxa7 Re7 29. Bd4 h5 30. a4 g5 31. Be3 Qe5 32. Qd4 Rd7 33. Rc1 g4 34. hxg4 hxg4 35. Qxe5 (35. Qd1 {keeps more tension.} Qf5 36. f3 gxf3 37. Qxf3 Kg6 38. Rd1) 35... fxe5 $11 {[%mdl 4096] Endgame KRB-KRN} 36. f3 gxf3 37. gxf3 Ng3 {Strongly threatening ...Ne2+.} 38. Kf2 Nf5 39. Bb6 Kf6 40. Rc7 Ke6 41. Rxd7 Kxd7 {KB-KN} 42. Ke2 Kc6 43. Bg1 d4 44. Bh2 Kd5 45. Kd3 Nh4 46. Ke2 Ng6 47. Kd3 Nf8 (47... Nh4 $5 48. Ke2 $8 Nf5 $11) 48. Bg3 Ne6 49. Bh2 {[#]} (49. b4 $11) 49... Nc5+ $1 $17 50. Kc2 Ke6 (50... e4 $17 51. fxe4+ Kxe4) 51. Bg3 $11 {The position is equal.} e4 52. fxe4 $1 d3+ 53. Kd1 Nxe4 54. Bf4 Kd5 {And now ...Kd4 would win.} 55. Bh6 Kd4 {Threatens to win with ...Kc3.} (55... Nc5 $5) 56. Bg7+ $1 Kc5 {aiming for ...Kb4.} 57. Bf8+ Kd5 58. Bh6 Nd6 59. Kd2 Nf5 60. Bg5 Ke4 61. Kc3 Nd4 62. b4 Nf3 63. Bh6 d2 64. Bxd2 Nxd2 65. Kxd2 Kd4 $1 66. a5 Kc4 67. a6 bxa6 68. Kc2 Kxb4 {Precision: White = 72%, Black = 51%.} 1/2-1/2

[Event "Tatry Open 2018"]
[Site "Tatranska Lomnica"]
[Date "2018.10.05"]
[Round "7"]
[White "Vojta, Tomas"]
[Black "Kolesar, Milan"]
[Result "1-0"]
[WhiteElo "2349"]
[BlackElo "2133"]
[Annotator "TA"]
[PlyCount "95"]
[EventDate "2018.09.30"]
[EventType "swiss"]
[EventCountry "SVK"]
[SourceTitle "playchess.com"]
[Source "ChessBase"]
[SourceQuality "1"]

{[%evp 18,95,39,36,34,11,12,12,12,9,11,12,18,14,21,22,12,0,12,-6,-3,-5,-2,-8,-14,0,5,-44,-38,-72,-72,-91,-54,-50,-60,-51,-39,-43,-20,-10,0,0,14,0,0,0,0,0,147,51,210,201,382,372,349,300,266,277,409,401,418,134,146,77,203,0,167,174,320,120,200,0,0,0,339,758,5093,1771,29991,29992]} 1. d4 d5 2. Bf4 Nf6 3. e3 c5 4. c3 Nc6 5. Nd2 cxd4 6. exd4 {D00: 1 d4 d5: Unusual lines} Bf5 7. Ngf3 e6 8. Qb3 Qc8 (8... Bd6 9. Bg3 Bxg3 10. hxg3 Qd6 11. Qxb7 Rb8 12. Qa6 O-O {0-1 (36) Caruana,F (2816)-Grischuk,A (2766) Paris 2018}) 9. Nh4 Bg4 10. h3 {LiveBook: 15 Games} Bh5 $1 11. g4 Bg6 $1 12. Nxg6 hxg6 13. Bg2 Be7 14. O-O O-O 15. Rfe1 Qd7 {[#]} 16. Nf3 $146 ({Predecessor:} 16. a4) 16... Bd6 17. Ne5 Qc7 18. Re2 a6 19. Rae1 Nd7 20. Bg3 Ndxe5 21. dxe5 Be7 22. Kh2 g5 23. f4 gxf4 24. Bxf4 b5 25. Bg3 Rac8 26. a3 Na5 27. Qd1 Nc4 28. h4 Rcd8 29. g5 g6 30. Qd3 Kg7 31. Rf1 Rh8 {Threatens to win with ...Bxg5.} 32. Bh3 {Black must now prevent Rf6!} Qb6 (32... Qd7 $11) 33. Rf4 (33. Rf6 $16) 33... Rdf8 $2 {[#]} (33... Qc6 $14) 34. Rf6 $1 $18 {[%mdl 512]} Rh7 $2 {[#]} (34... Re8) (34... Bxf6 35. exf6+) 35. Bxe6 $1 {[%mdl 512]} Bxf6 (35... fxe6 36. Qxg6+) 36. exf6+ Kh8 37. Bxd5 Qc5 (37... Nd6 $142 38. Be6 Nc4) 38. Qd4 Qc8 39. Bxc4 $2 (39. b3 $18) 39... bxc4 $16 {[#]} 40. Re5 ({Better is} 40. Re7 $1) 40... Rd8 (40... Qb7 $16) 41. Rd5 $2 (41. Rc5 $18 Qa8 42. Qxc4) 41... Re8 $2 {[#]} (41... Rxd5 $11 42. Qxd5 Kg8) 42. Rd7 $1 $18 Qa8 (42... Rf8 $142 43. Kg1 Kg8) 43. Qd5 $2 $40 {[%mdl 128] White goes for the king.} (43. Qxc4 $18 a5 44. b4 axb4 45. axb4) 43... Qc8 (43... Qxd5 $16 {was called for.} 44. Rxd5 Kg8) 44. Rxf7 $2 (44. Kg2 $18) 44... Rxf7 $11 45. Qxf7 {[%csl Gf6][%cal Rf7g7]} Rg8 $2 {[%mdl 8192]} (45... Re2+ $11 46. Kg1 Qc5+ 47. Kf1 Qf5+ 48. Bf4 (48. Kxe2 Qe4+ 49. Kf2 Qf5+ 50. Kg1 Qb1+ 51. Kh2 Qc2+ 52. Kh1 Qb1+ 53. Be1 Qxe1+ 54. Kh2 Qf2+ 55. Kh1 Qf1+ 56. Kh2 Qf2+ 57. Kh3 Qf3+ 58. Kh2 Qf2+ $11) 48... Qxf4+ 49. Kxe2 Qe4+ 50. Kf1 Qf3+ 51. Ke1 Qe3+ 52. Kd1 Qf3+ 53. Ke1 Qe3+ 54. Kf1 Qf4+ 55. Kg2 Qg4+ 56. Kh1 Qxh4+ 57. Kg1 Qxg5+ 58. Kh2 Qf4+ 59. Kh3 (59. Kg2 Qg5+ 60. Kf3 Qf5+ 61. Kg3 Qg5+ 62. Kh2 Qf4+ 63. Kh3 Qf3+ 64. Kh4 Qf4+ 65. Kh3 Qf3+ 66. Kh4 Qh5+ 67. Kg3 Qg5+ 68. Kf3 Qf5+ 69. Kg3 Qg5+ $11) 59... Qf3+ 60. Kh4 Qh5+ 61. Kg3 Qe5+ 62. Kh3 Qf5+ 63. Kh4 Qh5+ 64. Kg3 Qe5+ 65. Kf3 Qf5+ 66. Ke3 Qe5+ 67. Kd2 Qf4+ 68. Ke2 Qe4+ 69. Kf1 Qf3+ 70. Ke1 Qe4+ 71. Kd2 Qf4+ 72. Kd1 (72. Ke2 Qe4+ 73. Kd2 Qd3+ 74. Ke1 Qe4+ 75. Kf2 Qf4+ 76. Ke2 $11) 72... Qf3+ 73. Kc1 Qf1+ 74. Kd2 Qd3+ 75. Ke1 Qe4+ 76. Kf1 Qb1+ 77. Ke2 Qe4+ 78. Kf1) 46. Qe7 $18 {White threatens f7 and mate.} Qe8 47. Bd6 Qb5 48. Be5 {Precision: White = 50%, Black = 40%.} 1-0

[Event "Tatry Open 2018"]
[Site "Tatranska Lomnica"]
[Date "2018.10.05"]
[Round "7"]
[White "Zylka, Stanislaw"]
[Black "Sejkora, Vlastimil"]
[Result "1-0"]
[WhiteElo "2327"]
[BlackElo "2111"]
[Annotator "TA"]
[PlyCount "83"]
[EventDate "2018.09.30"]
[EventType "swiss"]
[EventCountry "SVK"]
[SourceTitle "playchess.com"]
[Source "ChessBase"]
[SourceQuality "1"]

{[%evp 19,83,0,0,-9,-9,-16,-15,-9,7,7,7,7,6,6,12,0,10,10,18,4,37,37,38,36,43,35,46,51,38,39,62,33,58,12,7,-6,80,72,104,85,85,81,114,113,120,112,125,125,120,122,167,167,167,160,141,141,150,166,420,415,693,645,638,638,749,749]} 1. e4 c5 2. Nf3 d6 3. Bb5+ Bd7 4. c4 Nc6 5. d4 cxd4 6. Nxd4 Nf6 {B54: Sicilian: 2...d6 3 d4 cxd4 4 Nxd4, Unusual Lines} (6... g6 7. Nc3 Bg7 8. Be3 Nf6 9. f3 O-O 10. Bxc6 bxc6 11. O-O e5 12. Nde2 Be6 13. Qa4 d5 14. cxd5 cxd5 15. exd5 Nxd5 16. Nxd5 Qxd5 {½-½ (31) Romanov,E (2619)-Artemiev,V (2704) Sochi 2018}) 7. Nc3 g6 8. O-O Bg7 9. Bxc6 bxc6 10. c5 O-O {LiveBook: 5 Games} 11. cxd6 exd6 12. Bf4 Re8 13. Re1 $146 d5 14. exd5 $1 Nxd5 15. Nxd5 cxd5 16. Rxe8+ Qxe8 17. Qd2 Qe4 18. Rd1 h5 19. h3 Rc8 20. Be3 Qe7 21. Qa5 Be6 22. Qa6 Rc7 23. b3 Bc8 24. Qa5 Be6 25. a4 Rb7 26. Rc1 Kh7 27. Nb5 (27. Re1 {keeps more tension.} Bxd4 28. Bxd4 Rxb3 29. Bxa7 Qb4 30. Qxb4 Rxb4 31. Ra1) 27... d4 (27... Bd7 $11 {remains equal.}) 28. Nxd4 $16 Bxb3 29. Nxb3 Rxb3 30. Qxa7 ({Much weaker is} 30. Bxa7 $6 Qe4 $11) 30... Qxa7 31. Bxa7 {[%mdl 4096] Endgame KRB-KRB} Ra3 32. Rc4 Ra1+ 33. Kh2 Be5+ 34. g3 g5 {[#]} 35. Kg2 $1 Kg6 36. Bb6 Kf5 37. a5 {[%cal Ba4a5,Ba5a6,Ba6a7][%mdl 32]} f6 38. Rc8 Ke6 $2 {[#]} (38... Ra4 {was called for.} 39. Ra8 Bd4) 39. Ra8 $18 Ra4 (39... Kd6 $142 40. a6 Kc6) 40. a6 {White is clearly winning.} Kd7 41. a7 Kc6 42. Rb8 {Precision: White = 76%, Black = 36%.} 1-0

[Event "Tatry Open 2018"]
[Site "Tatranska Lomnica"]
[Date "2018.10.05"]
[Round "7"]
[White "Malik, Jan"]
[Black "Parligras, Cosmin"]
[Result "1/2-1/2"]
[WhiteElo "2300"]
[BlackElo "2203"]
[Annotator "NA"]
[PlyCount "37"]
[EventDate "2018.09.30"]
[EventType "swiss"]
[EventCountry "SVK"]
[SourceTitle "playchess.com"]
[Source "ChessBase"]
[SourceQuality "1"]
[TimeControl "40/5400+30:1800+30"]

1. e4 {[%emt 0:00:00]} c5 {[%emt 0:03:57]} 2. Nf3 {[%emt 0:00:00]} Nc6 {[%emt 0:00:07]} 3. d4 {[%emt 0:00:00]} cxd4 {[%emt 0:00:09]} 4. Nxd4 {[%emt 0:00:00]} Nf6 {[%emt 0:00:07]} 5. Nc3 {[%emt 0:00:00]} e5 {[%emt 0:00:07]} 6. Ndb5 {[%emt 0:00:05]} d6 {[%emt 0:00:12] LiveBook: 14991 Games} 7. a4 {[%emt 0:00:19]} a6 {[%emt 0:00:20]} 8. Na3 {[%emt 0:00:02]} Bg4 {[%emt 0:00:09]} 9. Be2 {[%emt 0:00:50]} Bxe2 {[%emt 0:00:10]} 10. Qxe2 {[%emt 0:00:02]} d5 {[%emt 0:00:14]} 11. exd5 {[%emt 0:01:39]} Nxd5 {[%emt 0:00:07]} 12. Nxd5 $11 {[%emt 0:01:22]} Qxd5 {[%emt 0:00:07]} 13. O-O {[%emt 0:00:22]} Nd4 {[%emt 0:00:07]} 14. Qd3 {[%emt 0:01:49]} Rd8 {[%emt 0:00:14]} 15. Be3 {[%emt 0:12:57]} e4 {[%emt 0:00:45]} 16. Qc4 {[%emt 0:10:25]} Bxa3 {[%emt 0:00:29]} 17. Qxd5 {[%emt 0:00:06]} Rxd5 {[%emt 0:00:14]} 18. Bxd4 {[%emt 0:00:16]} Rxd4 {[%emt 0:00:09]} 19. Rxa3 {[%emt 0:00:23]} 1/2-1/2

[Event "Tatry Open 2018"]
[Site "Tatranska Lomnica"]
[Date "2018.10.05"]
[Round "7"]
[White "Pniaczek, Marek"]
[Black "Kucera, Michal"]
[Result "1-0"]
[WhiteElo "2234"]
[BlackElo "1928"]
[Annotator "TA"]
[PlyCount "59"]
[EventDate "2018.09.30"]
[EventType "swiss"]
[EventCountry "SVK"]
[SourceTitle "playchess.com"]
[Source "ChessBase"]
[SourceQuality "1"]

{[%evp 21,59,17,29,27,54,38,39,8,13,18,24,17,19,18,30,15,72,62,56,35,45,36,33,-24,123,106,131,63,228,203,199,218,285,280,310,310,481,471,450,447]} 1. e4 c5 2. Nf3 Nc6 3. Bb5 g6 4. O-O Bg7 5. Re1 Nf6 6. e5 Nd5 7. Nc3 Nc7 8. Bxc6 bxc6 9. Ne4 Ne6 10. d3 O-O 11. Be3 {B31: Sicilian: 2...Nc6 3 Bb5 g6} d6 $1 {LiveBook: 6 Games} 12. Qd2 (12. exd6 exd6 13. c3 h6 14. Ned2 d5 15. Nb3 d4 16. Bd2 Qd6 17. cxd4 cxd4 18. Rc1 Rb8 {½-½ (98) Rudolf,M (2360)-Tazbir,M (2519) Poronin 2017}) 12... f5 13. exf6 $1 {White is slightly better.} exf6 14. Bh6 d5 15. Bxg7 $146 ({Predecessor:} 15. Ng3 Rb8 16. b3 Qd6 17. h4 Bxh6 18. Qxh6 Qf4 19. Qxf4 Nxf4 {1-0 (73) Agrest,S (2260)-Carnstam,T (2047) Helsingor 2009}) 15... Kxg7 16. Ng3 {[%cal Be4g3,Bg3e2,Be2f4][%mdl 32]} Rb8 17. b3 Rb7 18. h4 Nd4 (18... h5 $11) 19. Nxd4 $16 cxd4 20. Ne2 c5 21. Nf4 Qd6 22. Re2 ({White should try} 22. Rac1 $14) 22... Rbf7 (22... g5 $11 23. hxg5 fxg5 24. Ne6+ Bxe6 25. Qxg5+ Kf7) 23. Rae1 Bf5 24. g3 (24. Ne6+ $16 Bxe6 25. Rxe6) 24... h6 $2 (24... Rc8 $14) 25. Ne6+ $18 Bxe6 26. Rxe6 Qc7 {[#]} 27. h5 $1 g5 28. Qe2 f5 (28... Qd8 $142 29. Qf3 Kh8) 29. Rg6+ Kh7 30. Qe6 {Precision: White = 57%, Black = 24%.} 1-0